| 000 | 00484nam a2200169Ia 4500 | ||
|---|---|---|---|
| 999 |
_c23621 _d23621 |
||
| 003 | OSt | ||
| 005 | 20210104124445.0 | ||
| 008 | 190216s9999||||xx |||||||||||||| ||und|| | ||
| 040 | _coclc | ||
| 082 |
_a894.8121 _bBHA/B |
||
| 100 |
_aBhaskaran, P _97480 |
||
| 245 | 0 |
_aP Bhaskarente Ganaghal / _cP Bhaskaran |
|
| 260 |
_bCurrent Books, _c1966. _aTrissur: |
||
| 300 | _a146p | ||
| 650 | _aMalayalam Kavitha | ||
| 942 |
_cBK _2ddc _h894.8121 _iBHA/B _k894.8121 _mBHA/B |
||